| 000 | 00538nam a2200193Ia 4500 | ||
|---|---|---|---|
| 008 | 140527s9999 xx 000 0 und d | ||
| 020 | _a9780071083270 | ||
| 050 |
_aHB 172.5 _b.Sl16 2010 |
||
| 100 | _aSlavin, Stephen L. | ||
| 245 |
_aMacroeconomics / _cStephen L. Slavin |
||
| 250 | _a9th ed. | ||
| 260 |
_aBoston : _bMcGraw-Hill/Irwin, _cc2010. |
||
| 300 |
_a550 p. : _bill. ; _c26 cm. |
||
| 440 | _a(The McGraw-Hill series). | ||
| 500 | _aIncludes glossary and index. | ||
| 521 | _aBSBA | ||
| 942 |
_kFOR _cBK |
||
| 999 |
_c117443 _d117443 |
||